[Event "Baden-ch U14/20 Girls"]
[Site "Schoeneck"]
[Date "2009.01.04"]
[Round "6"]
[White "Brischiggiaro, Alissa"]
[Black "Steinel, Jenny"]
[Result "1/2-1/2"]
[WhiteElo "881"]
[BlackElo "773"]
[PlyCount "63"]
[EventDate "2009.01.02"]
[EventType "swiss"]
[EventRounds "7"]
[EventCountry "GER"]
[SourceTitle "EXT 2010"]
[Source "ChessBase"]
[SourceDate "2010.11.25"]
[SourceVersion "1"]
[SourceVersionDate "2010.11.25"]
[SourceQuality "1"]

1. e4 e5 2. Nf3 Nc6 3. Bc4 Nf6 4. d3 Bc5 5. Nc3 d6 6. h3 0-0 7. Bg5 Be6 8. Bb3 Nd4 9. Nh4 Nxb3 10. axb3 d5 11. Qf3 Be7 12. 0-0 d4 13. Na4 h6 14. Bd2 c6 15. c4 dxc3 16. Nxc3 Bxb3 17. Nf5 Kh7 18. Qg4 Rg8 19. Qh4 Bf8 20. Rfe1 Bc4 21. Bg5 Be6 22. Ng3 Be7 23. Nh5 Nxh5 24. Bxe7 Qe8 25. Re3 f6 26. Ne2 Qxe7 27. Qxh5 Qf7 28. Qxf7 Bxf7 29. g4 b5 30. h4 h5 31. g5 a5 32. Nc3 1/2-1/2

[Event "Baden-ch U14/20 Girls"]
[Site "Schoeneck"]
[Date "2009.01.03"]
[Round "3"]
[White "Brischiggiaro, Alissa"]
[Black "Steinbach, Nina"]
[Result "0-1"]
[WhiteElo "881"]
[BlackElo "1403"]
[PlyCount "70"]
[EventDate "2009.01.02"]
[EventType "swiss"]
[EventRounds "7"]
[EventCountry "GER"]
[SourceTitle "EXT 2010"]
[Source "ChessBase"]
[SourceDate "2010.11.25"]
[SourceVersion "1"]
[SourceVersionDate "2010.11.25"]
[SourceQuality "1"]

1. e4 e5 2. Nf3 Nc6 3. Bc4 Bb4 4. 0-0 Nf6 5. d3 h6 6. a3 Ba5 7. b4 Bb6 8. Nc3 d6 9. h3 0-0 10. Nd5 Nxd5 11. exd5 Nd4 12. Ra2 Nf5 13. d4 Bxd4 14. Qe1 Qf6 15. Bd3 Bb6 16. Qe4 Re8 17. g4 Ng3 18. g5 Nxe4 19. gxf6 Nxf6 20. c4 e4 21. Be2 exf3 22. Bxf3 Bxh3 23. Rd1 Bg4 24. Bxg4 Nxg4 25. a4 a6 26. Kh1 Nxf2+ 27. Rxf2 Bxf2 28. Rf1 Re1 29. Rxe1 Bxe1 30. Be3 Bxb4 31. Bf2 Re8 32. Kg1 Bc5 33. Bxc5 dxc5 34. Kf2 f5 35. Kf3 Re4 0-1

[Event "Baden-ch U12"]
[Site "Neuenbuerg/Enz"]
[Date "2008.01.04"]
[Round "1"]
[White "Kast, Joannis"]
[Black "Brischiggiaro, Alissa"]
[Result "1-0"]
[WhiteElo "1331"]
[BlackElo "758"]
[PlyCount "45"]
[EventDate "2008.01.04"]
[EventType "swiss"]
[EventRounds "7"]
[EventCountry "GER"]
[SourceTitle "EXT 2009"]
[Source "ChessBase"]
[SourceDate "2008.11.26"]
[SourceVersion "1"]
[SourceVersionDate "2008.11.26"]
[SourceQuality "1"]

1. e4 e5 2. Nf3 Nc6 3. Bc4 Nf6 4. Ng5 Qe7 5. Bxf7+ Kd8 6. Bb3 d6 7. Nf7+ Kd7 8. Nxh8 Nd4 9. c3 d5 10. cxd4 Nxe4 11. Bxd5 Nd6 12. Qe2 c6 13. Bb3 Qg5 14. Rg1 c5 15. dxe5 Nb5 16. Qxb5+ Ke7 17. Nc3 Bd7 18. Qxc5+ Ke8 19. Qd5 Rc8 20. Qf7+ Kd8 21. Qxf8+ Be8 22. Nf7+ Kd7 23. Qd6# 1-0